| 000 | 01151cam a2200289 i 4500 | ||
|---|---|---|---|
| 003 | SA-RiAUC | ||
| 005 | 20250315135953.0 | ||
| 008 | 250304q19901999sp g 000 1 ara c | ||
| 040 |
_aJO-AmJU _bara _cSA-RiAUC _erda |
||
| 041 | 1 |
_aara _hspa |
|
| 082 | 0 | 4 | _a863 |
| 090 |
_a863 _b ح ي ا |
||
| 245 | 0 | 0 |
_aحياة لثريودي تورمس / _cترجمة وتعليق عبد الرحمن بدوي. |
| 264 | 1 |
_aمدريد : _bالمعهد الأسباني العربي للثقافة، _c[بين 1990 و1999] |
|
| 300 | _a115 صفحة. | ||
| 336 |
_aنص _btxt _2rdacontent _3كتاب |
||
| 337 |
_aبدون وسيط _bn _2rdamedia |
||
| 338 |
_aمجلد _bnc _2rdacarrier |
||
| 440 | 0 |
_aكلاسيكيون في اللغة الإسبانية _v6 |
|
| 500 | _aصفحة عنوان بالأسبانية. | ||
| 600 | 1 | 7 |
_aدي تورميس، لاثاريو _2aucnm |
| 650 | 7 |
_aالأدب الإسباني _2aucsh |
|
| 650 | 7 |
_aالقصص الإسبانية _vترجمات إلى العربية _2aucsh |
|
| 700 | 1 |
_aبدوي، عبد الرحمن، _d1917-2002 _eمترجم. |
|
| 942 |
_2ddc _cBOOK _n0 |
||
| 949 |
_aSA-JeALM _d250304 _umohamedma123 _n1 |
||
| 999 |
_c6466 _d6466 |
||